000 00470nam a2200169Ia 4500
008 230718s9999 xx 000 0 und d
020 _a9789325798014
041 _aeng
082 _a355.03
_bARI
100 _aArihant
245 _aPathfinder CDS
_bCombined Defence Services Entrance Examination 2022-2023
260 _c2022
_bArihant
300 _a1092
365 _cRs.
_b815.00
700 _aArihant
906 _dO:0768525-Nov-2022B:11222-Nov-2022
_cGENRL
_b203.75
999 _c353084
_d353084